Dictionnaire des arts et manufactures (Record no. 153480)

MARC details
000 -LEADER
campo de control de longitud fija 00746nam a22001575i 4500
001 - NÚMERO DE CONTROL
campo de control 153480
003 - IDENTIFICADOR DE NÚMERO DE CONTROL
campo de control ES-MaACL
005 - FECHA Y HORA DE LA ÚLTIMA TRANSACCIÓN
campo de control 20230906205236.0
008 - DATOS DE LONGITUD FIJA--INFORMACIÓN GENERAL
campo de control de longitud fija 990701m18451847fr a |||| | fre d
245 00 - MENCIÓN DEL TÍTULO
Título Dictionnaire des arts et manufactures
Resto del título : description des procédés de l'industrie française et étrangère /
Mención de responsabilidad, etc. par M. Alcan,... Barral,... Barrault,... / publié [et préfacé] par M. C. Laboulaye.
260 ## - PUBLICACIÓN, DISTRIBUCIÓN, ETC.
Lugar de publicación, distribución, etc. Paris :
Nombre del editor, distribuidor, etc. Librairie Scientifique-industrielle de L. Mathias (Augustin),
Fecha de publicación, distribución, etc. 1845-1847 (
Fabricante Imp. de Gustave Gratiot)
300 ## - DESCRIPCIÓN FÍSICA
Extensión 1 t. en 2 v. (3894 col.) :
Otras características físicas il. ;
Dimensiones 27 cm.
650 #4 - PUNTO DE ACCESO ADICIONAL DE MATERIA--TÉRMINO DE MATERIA
Término de materia o nombre geográfico como elemento de entrada Tecnología-
Subdivisión de forma Diccionarios.
9 (RLIN) 17402
700 1# - ENTRADA AGREGADA--NOMBRE PERSONAL
Nombre de persona Laboulaye, Charles (
Fechas asociadas al nombre 1813-1886 )
9 (RLIN) 128548
852 ## - LOCALIZACIÓN
Ubicación ES-MaACL
Número de control de estantería G-12915-16
Nota libre - Enc. piel
Holdings
Estatus retirado Estado de pérdida Estado de daño No para préstamo Colección Biblioteca de origen Biblioteca actual Ubicación en estantería Fecha de adquisición Total de préstamos Signatura topográfica completa Código de barras Visto por última vez Precio de reemplazo Tipo de ítem Koha
        Libros del s. XIX Biblioteca del Ateneo de Madrid Biblioteca del Ateneo de Madrid Sala Pecera Planta 3 17/01/2008   G-12915-16 1160407 23/02/2023 23/02/2023 Libro impreso antiguo